000 00398nab a22001097u 4500
008 130520b2005 xxu||||| |||| 00| 0 spa d
041 _aspa
100 1 _aÁlvarez de los Mozos, Patxi
_970697
245 0 0 _aNi refugiados ni encastillados. Llamados a ser Nómadas del Espíritu
_cPatxi Álvarez De Los Mozos
773 0 _tSal Terrae
_gV.93, nº1089,2005,págs. 393-406
_x0211-4569
_wRev410
942 _cAR
999 _c373485
_d373485